Collected papers /
Guardado en:
| Autor Principal: | |
|---|---|
| Autor Corporativo: | |
| Otros Autores: | , |
| Formato: | Libro |
| Idioma: | English French Polish |
| Publicado: |
Warszawa :
Panstwowe Wydawn. Naukowe,
1964.
|
| Etiquetas: |
Agregar Etiqueta
Sin Etiquetas, Sea el primero en etiquetar este registro!
|
| LEADER | 01154cam a22002655 4500 | ||
|---|---|---|---|
| 001 | MAT.inmabb001748 | ||
| 008 | 700608s1964####pl#ch####b####000#0deng#d | ||
| 005 | 20130318194026.0 | ||
| 245 | 0 | 0 | |a Collected papers / |c Józef Marcinkiewicz ; edited by Antoni Zygmund ; with collaboration of Stanislaw Lojasiewicz ... [et al.]. |
| 260 | |a Warszawa : |b Panstwowe Wydawn. Naukowe, |c 1964. | ||
| 300 | |a viii, 673 p. : |b retr., facsims. ; |c 25 cm. | ||
| 500 | |a "Contains all published mathematical work of J. Marcinkiewicz"--From the editors. | ||
| 500 | |a Precede al tít.: Instytut Matematyczny Polskiej Akademii Nauk. | ||
| 546 | |a Texto en inglés o francés. Dos trabajos, originalmente en polaco, están traducidos al inglés. | ||
| 504 | |a Bibliografía: p. 28-33. | ||
| 510 | 4 | |a MR, |c 29 #5697 | |
| 100 | 1 | |a Marcinkiewicz, Józef, |d 1910-1940? | |
| 700 | 1 | |a Zygmund, Antoni, |d 1900-1992. |4 edt | |
| 700 | 1 | |a Lojasiewicz, Stanislaw, |d 1926-2002. |4 edt | |
| 710 | 2 | |a Instytut Matematyczny (Polska Akademia Nauk) | |
| 084 | |a 01A75 (42-06) |2 msc2000 | ||
| 010 | |a 68000396 | ||
| 041 | 0 | |a eng |a fre | |
| 041 | 1 | |a eng |h pol | |
| 859 | |h 01A75 |i M319 |p A-3097 |b BIB. MATEMATICA | ||
